000 00272nam a22001097a 4500
008 230629b xxu||||| |||| 00| 0 eng d
082 _a346.052
_bCOM
245 _aReport of the Commission on the Law of Succession
260 _bGOK
_c1968
300 _a167p
942 _2ddc
_cBK
999 _c3103
_d3103